| 000 | 00867nam0a22002531 4500 | ||
|---|---|---|---|
| 001 | rc\4547517 | ||
| 005 | 20130416183458.7 | ||
| 035 | _a(NLR Aleph) 008363227 | ||
| 090 |
_a9011504 _c9011504 |
||
| 100 | _a20130416g19581959|||y0rusy50 ca | ||
| 101 | 0 | _arus | |
| 102 | _aRU | ||
| 105 | _aa z ||||| | ||
| 200 | 1 |
_aСборник задач по теории вероятностей _fПод общ. ред. Е.А. Владимиренко _gКиев. высш. инж.-авиац. воен. училище ВВС |
|
| 210 |
_aКиев _cБ. и. _d1958 (обл. 1959) |
||
| 215 |
_a168 с., 2 л. ил. _cил. _d23 |
||
| 700 | 1 |
_aЛазаренко _bК. А. |
|
| 701 | 1 |
_aТроицкий _bС. С. |
|
| 702 | 1 |
_aВладимиренко _bЕ. А. _4340 |
|
| 801 | 0 |
_aRU _bNLR _gpsbo |
|
| 801 | 1 |
_aRU _bELAR _2rusmarc |
|
| 852 |
_aNLR _j59-5/1936 |
||
| 942 | _cBOOK | ||
| 980 | _aNB | ||